La vida de san Agustín en la pintura cusqueña del siglo XVIII : de lo profano a lo sagrado /

Збережено в:
Бібліографічні деталі
Автор: Estabridis Cárdenas, Ricardo (autor)
Формат: Книга
Мова:Іспанська
Опубліковано: Lima, Perú : Universidad Nacional Mayor de San Marcos : Orden de San Agustín, Provincia de Nuestra Señora de Gracia del Perú, 2021, c2021
Предмети:
Теги: Додати тег
Немає тегів, Будьте першим, хто поставить тег для цього запису!

MARC

LEADER 00000nam^a2200000^a^4500
001 000578678
005 20250521000000.0
009 20260310132514.094
020 |a 978-9972-46-687-8 
037 |a Acervo ITESO - Biblioteca 
041 |a ESP 
082 |a 759. 9853703  |b EST 
100 |a Estabridis Cárdenas, Ricardo  |e (autor) 
245 1 3 |a La vida de san Agustín en la pintura cusqueña del siglo XVIII :  |b de lo profano a lo sagrado /  |c R. Estabridis Cárdenas. 
264 4 |a Lima, Perú :  |b Universidad Nacional Mayor de San Marcos :  |b Orden de San Agustín, Provincia de Nuestra Señora de Gracia del Perú,  |c 2021, c2021 
300 |a 185 p. +  |e 1 separador 
336 |a texto  |b txt  |2 rdacontenido 
337 |a sin mediación  |b n  |2 rdamedio 
338 |a volumen  |b nc  |2 rdasoporte 
521 |a FIL 2021 DIA 
649 |a XX 
650 |a Padres de la Iglesia -  |x Iconografías -  |x Historia y Crítica 
650 |a Doctores de la Iglesia -  |x Iconografías -  |x Historia y Crítica 
650 |a Santos en la Pintura -  |z Cuzco, Perú -  |x Historia y Crítica -  |x Tema Principal 
650 |a Santos en la Pintura -  |z Perú -  |x Historia y Crítica 
650 |a Santos Argelinos -  |z Iconografías -  |x Historia y Crítica 
650 |a Obispos de Hipona -  |x Iconografías -  |x Historia y Crítica 
650 |a Ministros Religiosos Argelinos -  |z Iconografías -  |x Historia y Crítica 
650 |a Religiosos Argelinos -  |z Iconografías -  |x Historia y Crítica 
650 |a Agustinos en Cuzco, Perú -  |x Historia -  |y Siglo XVIII 
650 |a Agustinos en Lima, Perú -  |x Historia -  |y Siglo XVIII 
650 |a Agustinos en Perú -  |x Historia -  |y Siglo XVIII 
650 |a Agustinos en Perú -  |x Historia -  |y Epoca Colonial, 1542-1824 
650 |a Monasticismo y Ordenes Religiosas -  |z Perú -  |x Historia -  |y Epoca Colonial, 1542-1824 
650 |a Iglesia Católica en Perú -  |x Historia -  |y Epoca Colonial, 1542-1824 
650 |a Pintores Peruanos 
650 |a Artistas Peruanos 
650 |a Pintura Religiosa -  |z Cuzco, Perú -  |x Historia y Crítica -  |x Tema Principal 
650 |a Pintura Religiosa -  |z Perú -  |x Historia y Crítica -  |x Tema Principal 
650 |a Pintura Virreinal -  |z Cuzco, Perú -  |x Historia y Crítica -  |x Tema Principal 
650 |a Pintura Virreinal -  |z Perú -  |x Historia y Crítica -  |x Tema Principal 
650 |a Pintura Barroca -  |z Cuzco, Perú -  |x Historia y Crítica 
650 |a Pintura Barroca -  |z Perú -  |x Historia y Crítica 
650 |a Pintura Cuzqueña -  |x Historia y Crítica 
650 |a Pintura Peruana -  |x Historia y Crítica 
650 |a Arte Religioso -  |z Cuzco, Perú -  |x Historia y Crítica 
650 |a Arte Religioso -  |z Perú -  |x Historia y Crítica 
650 |a Arte Virreinal -  |z Cuzco, Perú -  |x Historia y Crítica 
650 |a Arte Virreinal -  |z Perú -  |x Historia y Crítica 
650 |a Arte Barroco -  |z Cuzco, Perú -  |x Historia y Crítica 
650 |a Arte Barroco -  |z Perú -  |x Historia y Crítica 
650 |a Arte Cuzqueño -  |x Historia y Crítica 
650 |a Arte Peruano -  |x Historia y Crítica 
650 |a Agustín,  |c Santo -  |x Iconografías -  |x Tema Principal 
650 |a Pacheco, Basilio 
650 |a Vilca, Antonio 
910 |a Fondo General 
920 |a Impresos - Libros 
930 |a Reserva Especial 
905 |a 103 
901 |a 0500350466  |b IT1  |c REE  |i C176798  |u 20250521 
901 |a 0500408597  |b IT2  |c FOL  |i C176799  |u 20250521 
902 |a https://opac.biblio.iteso.mx/vufind/Record/000578678